01611nam a2200445 i 45000010005000000030009000050050017000140080039000310150016000700350021000860400028001070460009001350800011001440800017001550800012001721000039001842450153002232600027003763000036004033360027004393370054004663380028005203800016005483800027005643850039005913880014006303880014006444900075006586580028007336550030007616500013007916500027008046500013008317100072008448560097009168300074010139420012010879990015010999520051011144166KOSZ 00520200604082015.0970612s1989 pl a f f |000 0 pol aPB 1991/460 a(OCoLC)834080902 aWA NcWA NdKOSZ 005/HR k1989 a621.64 a621.791/.795 a(075.8)1 aDudek, Andrzejc(mechanika)eAutor10aZbiornik ciśnieniowy spawany :b(materiały pomocnicze do projektu z PKM dla studentów kierunku Mechanika) : pomoc dydaktyczna /cAndrzej Dudek. aKraków :bPK,c1989. a150 s. :brys., wykr. ;c24 cm. 2rdacontentaTekstbtxt 2rdamediaaBez urządzenia pośredniczącegobn 2rdacarrieraWoluminbnc aKsiążki aPublikacje dydaktyczne mPoziom nauczaniaaSzkoły wyższe a1901-2000 a1989-20001 aPomoce Dydaktyczne / Politechnika Krakowska im. Tadeusza Kościuszki. aInżynieria i technika 4aPodręczniki akademickie 4aProjekty 4aNaczynia ciśnieniowe 4aSpawanie2 aPolitechnika Krakowska im. Tadeusza KościuszkibWydawnictwo4pbl. uhttp://koha.tu.koszalin.pl/cgi-bin/koha/opac-detail.pl?biblionumber=4166yKatalog online BPK 0aPomoce Dydaktyczne - Politechnika Krakowska im. Tadeusza Kościuszki 2UKDcKS c4166d4166 00104070aBPKbBPKcwoP 39927p01929546yKS